000 01328nam a2200445 i 4500
001 43552
003 KOSZ 005
005 20191104142008.0
008 031202s2003 pl |000 0 pol
015 _aPB 2003/20832
020 _a8372513554
035 _a991022011059705066
035 _a(PL-WaBN)b15943276-48omnis_nlop
035 _ab15943276
035 _a(OCoLC)749564944
035 _a(PL)b0000001594327
035 _a(EXLNZ-48OMNIS_NETWORK)9910508707705606
040 _aWA N
_cWA N
_dKOSZ 005/HR
041 0 _apol
046 _k2003
080 _a347.78(438)
080 _a343.533(438)
080 _a004.738.5(438)
100 1 _aGolat, Rafał
_eAutor
245 1 0 _aInternet - aspekty prawne /
_cRafał Golat.
260 _aWarszawa :
_b"Difin",
_c2003.
300 _a162, [1] s. ;
_c23 cm.
380 _aKsiążki
388 _a2001-
504 _aBibliogr., wykaz i teksty aktów prawnych.
658 _aInformatyka i technologie informacyjne
658 _aPrawo i wymiar sprawiedliwości
651 7 _aPolska
650 7 _aPrawo
650 7 _aInternet
_2DBN
710 2 _aDifin
_4pbl
856 _uhttp://koha.tu.koszalin.pl/cgi-bin/koha/opac-detail.pl?biblionumber=43552
_yKatalog online BPK
942 _2UKD
_cKS
999 _c43552
_d43552